000
00338nam a2200133Ia 4500
008
230818s2005 xx 000 0 und d
041
_a
eng
100
_a
Costantino
245
_a
The Hand book of Energy Drinks
260
_b
Sil verdale book wigston
_c
2005
300
_a
256p
520
_a
General
999
_c
852657
_d
852657
650
_a
Food and Beverage service